000 00433nam a22001697a 4500
005 20180607143848.0
008 160526b xxu||||| |||| 00| 0 eng d
020 _a81-203-3013-7
041 _aeng
082 _b5034
_a657
100 _aBhattacharya, Asish K.
_9263
245 _aFinancial Accounting for Business Managers
260 _aNew Delhi
_bAcademic Faundation
300 _a732
650 _aManagement
_9241
942 _cBK
999 _c1762
_d1761